Business English 3 : personal assistant

Bibliographic Details
Main Authors: Davies, Susan (Author), West, Richard (Author)
Format: Book
Published: London : Pitman , 1983
Subjects:

MARC

LEADER 00000cam a2200000 7i4500
001 0000024321
005 20021119093000.0
008 021119n
020 |a 0273017969 
090 0 0 |a PE1115   |b .D383 
100 0 |a Davies, Susan ,   |e author 
245 0 0 |a Business English 3 :   |b personal assistant   |c Susan Davis and Richard West 
260 2 |a London :   |b Pitman ,   |c 1983 
300 |a 154 p. ; ;   |c 30 cm. 
650 0 |a English language   |x Business English 
700 0 |a West, Richard ,   |e author 
999 |a 1000034658   |b Book   |c OPEN SHELF (30 DAYS)   |e Gong Badak Campus